LEADER 02414nam2-2200385---450- 001 990006075110203316 005 20150918115923.0 010 $a978-92-872-0403-5 035 $a000607511 035 $aUSA01000607511 035 $a(ALEPH)000607511USA01 035 $a000607511 100 $a20140606d2014----km-y0itaa50------ba 101 0 $aita 102 $aLU 105 $a||||||||001yy 200 1 $a<> sostegno dei fondi della politica di coesione alla produzione di energia da fonti rinnovabili ha ottenuto buoni risultati?$fCorte dei conti europea 210 $aLussemburgo$cUfficio delle pubblicazioni dell'Unione europea$d2014 215 $a52 p.$cill.$d30 cm 225 2 $aRelazione speciale$v06/2014 330 $aLa Corte dei conti europea ha esaminato i risultati dei progetti di produzione di energia da fonti rinnovabili cofinanziati dai fondi della politica di coesione, anche in relazione al loro contributo al conseguimento del valore-obiettivo a livello dell'UE per il 2020. La Corte è pervenuta alla seguente conclusione: diversi progetti d?investimento hanno prodotto le realizzazioni previste, ma non sono stati guidati dal principio dell?efficienza e non hanno apportato un reale valore aggiunto UE. La Corte raccomanda alla Commissione di promuovere il principio dell?efficienza nei programmi di sostegno cofinanziati dall?UE ed invita gli Stati membri ad istituire un quadro normativo stabile e prevedibile per l'energia da fonti rinnovabili. Inoltre, raccomanda agli Stati membri di applicare criteri minimi di efficienza, adattandoli alle circostanze dei progetti, e di accrescere il valore aggiunto UE migliorando l?attuazione, il monitoraggio e la valutazione dei progetti. [Ed.] 410 0$1001000351941$aRelazione speciale 606 0 $aEnergie rinnovabili$yPaesi dell'Unione europea$2BNCF 676 $a333.79094 699 $a08.11$bEnergia rinnovabile 710 02$aCorte dei conti europea$0541549 801 0$aIT$bsalbc$gISBD 856 4 $uhttp://dx.publications.europa.eu/10.2865/88310$4.$zAccesso libero online 912 $a990006075110203316 951 $aCDE 08.11 (XXX)$bCDE$cCDE 08.11$d00140895 959 $aBK 969 $aCDE 979 $aMARIAS$b90$c20150918$lUSA01$h1159 996 $aSostegno dei fondi della politica di coesione alla produzione di energia da fonti rinnovabili ha ottenuto buoni risultati$91489947 997 $aUNISA